[Event "Morava Region-chTA"]
[Site "Czech Republic"]
[Date "2025.02.23"]
[Round "9.1"]
[White "Spanihel, Vojtech"]
[Black "Fryc, Lukas"]
[Result "1/2-1/2"]
[WhiteElo "1585"]
[BlackElo "1979"]
[PlyCount "84"]
[EventDate "2024.10.13"]
[EventType "team-tourn"]
[EventRounds "11"]
[EventCountry "CZE"]
[SourceTitle "CB16_2025"]
[SourceDate "2025.04.16"]
[SourceVersion "1"]
[SourceVersionDate "2025.04.16"]
[SourceQuality "1"]
[WhiteTeam "Fulnek"]
[BlackTeam "Opava Orel"]
[WhiteTeamCountry "CZE"]
[BlackTeamCountry "CZE"]

1. e4 d6 2. d4 Nf6 3. Nc3 g6 4. Nf3 a6 5. Bc4 b5 6. Bb3 Bb7 7. Ng5 e6 8. f3 Nbd7 9. 0-0 h6 10. Nh3 c5 11. dxc5 Nxc5 12. a4 b4 13. Ne2 Nxb3 14. cxb3 Bg7 15. Be3 d5 16. e5 Nd7 17. f4 0-0 18. Rc1 Rc8 19. Qd2 Qe7 20. Nf2 f6 21. exf6 Nxf6 22. Rc2 Rxc2 23. Qxc2 Kf7 24. Bc5 Rc8 25. Qxg6+ Kxg6 26. Bxe7 Rc2 27. Nd4 Rxb2 28. Nxe6 Rxb3 29. Nc5 Ng8 30. Nxb3 Nxe7 31. Nd3 Bc3 32. Nbc5 Bc8 33. h3 h5 34. Kf2 Nc6 35. Rd1 Kf6 36. Nb3 Bf5 37. Ndc5 Ne7 38. Kf3 h4 39. g4 hxg3 40. Kxg3 Bc8 41. Nd2 Nf5+ 42. Kf3 Nh4+ 1/2-1/2